000 00637nam a22002297a 4500
003 UA-OsUOA
001 26210
007 ta
008 20040520b un ||||| |||| 00| 0 ukr d
090 _a316.6
_bМ75
942 _cBK
040 _aUA-OsUOA
_bukr
_cUA-OsUOA
_dUA-OsUOA
245 _aМолодь України
_bДля неї і про неї
_cРед. В.В.Барабаш
300 _a105 с.
955 _a0
041 _aukr
080 _a316.6
260 _bУкраїнський науково-дослідний інститут проблем молоді
_c1993
044 _aUA
650 7 _2UDC
999 _c312526
_d312526